Govt. of
Madhya Pradesh

Ethical Quandaries in Human Genetics (Record no. 50897)

MARC details
000 -LEADER
fixed length control field 00380nam a22001577a 4500
003 - CONTROL NUMBER IDENTIFIER
control field MACL
005 - DATE AND TIME OF LATEST TRANSACTION
control field 20151122122613.0
008 - FIXED-LENGTH DATA ELEMENTS--GENERAL INFORMATION
fixed length control field 151122b xxu||||| |||| 00| 0 eng d
040 ## - CATALOGING SOURCE
Transcribing agency MACL
041 ## - LANGUAGE CODE
Language code of text/sound track or separate title English
082 ## - DEWEY DECIMAL CLASSIFICATION NUMBER
Classification number 576/BAS
100 ## - MAIN ENTRY--PERSONAL NAME
Personal name Basak, Jyotish Chandra
9 (RLIN) 17870
245 ## - TITLE STATEMENT
Title Ethical Quandaries in Human Genetics
650 ## - SUBJECT ADDED ENTRY--TOPICAL TERM
Topical term or geographic name as entry element Genetics
9 (RLIN) 17871
942 ## - ADDED ENTRY ELEMENTS (KOHA)
Source of classification or shelving scheme
Koha item type Books
Holdings
Withdrawn status Lost status Source of classification or shelving scheme Damaged status Not for loan Home library Current library Date acquired Cost, normal purchase price Total Checkouts Full call number Date last seen Price effective from Koha item type Barcode
          MACL MACL 22/11/2015 550.00   576/BAS 22/11/2015 22/11/2015 Books  
          MACL MACL 22/11/2015 550.00   576/BAS 02/05/2024 22/11/2015 Books CRE026879